000
00285nam a22001217a 4500
008
180806b xxu||||| |||| 00| 0 eng d
082
_a
813.52
245
_a
The Nurse, The Math, The Meds
_c
Daugherty,V
260
_c
2007
300
_a
1
_f
CD
440
_x
9996018563R
942
_2
ddc
_c
MX
999
_c
46858
_d
46858